[Event "Titled Tuesday intern op 19th May"]
[Site "Chess.com INT"]
[Date "2020.05.19"]
[Round "8"]
[White "Rian, Kapriaga"]
[Black "Shashikant, Kutwal"]
[Result "0-1"]
[WhiteElo "2126"]
[BlackElo "2182"]
[PlyCount "70"]
[EventDate "2020.05.19"]
[EventType "swiss (blitz)"]
[EventRounds "10"]
[EventCountry "USA"]
[SourceTitle "EXT 2021"]
[Source "ChessBase"]
[SourceDate "2020.10.23"]
[SourceVersion "1"]
[SourceVersionDate "2020.10.23"]
[SourceQuality "1"]

1. d4 d5 2. Nf3 Nf6 3. Bf4 c5 4. e3 Nc6 5. Nbd2 Qb6 6. dxc5 Qxb2 7. Rb1 Qc3 8. Bb5 Qxc5 9. 0-0 a6 10. Bd3 b5 11. e4 e6 12. Re1 Be7 13. exd5 Nxd5 14. Ne4 Qa7 15. Bd6 0-0 16. Bxe7 Ncxe7 17. Nfg5 h6 18. a4 b4 19. Qh5 Nf4 20. Qh4 Nxd3 21. cxd3 Nf5 22. Qh3 hxg5 23. Nxg5 Nh6 24. Rxb4 Qe7 25. Qh4 Bd7 26. Rg4 Rab8 27. Qh5 e5 28. Rg3 Bf5 29. Nf3 Bg6 30. Qxe5 Qxe5 31. Nxe5 Bf5 32. Rf3 Be6 33. d4 Rfd8 34. Rf4 Rd5 35. Nf3 Ra5 0-1

[Event "Titled Tuesday intern op 12th May"]
[Site "Chess.com INT"]
[Date "2020.05.12"]
[Round "7"]
[White "Tomaszewski, Roman"]
[Black "Shashikant, Kutwal"]
[Result "0-1"]
[WhiteElo "2206"]
[BlackElo "2182"]
[PlyCount "80"]
[EventDate "2020.05.12"]
[EventType "swiss (blitz)"]
[EventRounds "10"]
[EventCountry "USA"]
[SourceTitle "EXT 2021"]
[Source "ChessBase"]
[SourceDate "2020.10.23"]
[SourceVersion "1"]
[SourceVersionDate "2020.10.23"]
[SourceQuality "1"]

1. c4 Nf6 2. Nc3 e6 3. e4 d5 4. cxd5 exd5 5. e5 Ne4 6. Nf3 Nc6 7. Bb5 Bc5 8. 0-0 0-0 9. d3 Nxc3 10. bxc3 d4 11. Bg5 Qd5 12. c4 Qe6 13. Bxc6 Qxc6 14. Qd2 h6 15. Bh4 Bg4 16. Ne1 a5 17. f3 Bf5 18. g4 Bh7 19. f4 Bb4 20. Qe2 Rfe8 21. Nf3 Bc3 22. Rab1 h5 23. h3 hxg4 24. hxg4 Qg6 25. Ng5 Qxd3 26. Qh2 Be4 27. Rbd1 Qc2 28. Nxe4 Qxe4 29. Qg2 Qxg2+ 30. Kxg2 c6 31. Rd3 b5 32. cxb5 cxb5 33. Rh1 b4 34. Rdh3 f6 35. exf6 Re2+ 36. Bf2 Kf7 37. g5 gxf6 38. Rh7+ Ke6 39. R1h6 d3 40. Rxf6+ Bxf6 0-1

[Event "Titled Tuesday intern op 5th May"]
[Site "Chess.com INT"]
[Date "2020.05.05"]
[Round "9"]
[White "Alinasab, Mobina"]
[Black "Shashikant, Kutwal"]
[Result "1-0"]
[WhiteElo "2317"]
[BlackElo "2182"]
[PlyCount "31"]
[EventDate "2020.05.05"]
[EventType "swiss (blitz)"]
[EventRounds "10"]
[EventCountry "USA"]
[SourceTitle "EXT 2021"]
[Source "ChessBase"]
[SourceDate "2020.10.23"]
[SourceVersion "1"]
[SourceVersionDate "2020.10.23"]
[SourceQuality "1"]

1. e4 e5 2. Nf3 Nc6 3. Bb5 a6 4. Ba4 Nf6 5. 0-0 b5 6. Bb3 Bc5 7. c3 d6 8. d4 Bb6 9. a4 Rb8 10. Na3 b4 11. Nc4 Ba7 12. dxe5 dxe5 13. Ncxe5 Nxe5 14. Qxd8+ Kxd8 15. Nxe5 Ke7 16. Nc6+ 1-0